000 00433 a2200157 4500
003 OSt
005 20231222140006.0
008 231222b |||||||| |||| 00| 0 eng d
020 _a9789350726907
040 _coclc
082 _a891.433
_bSET/P
100 _aSethu
_96440
245 _aPANDAVPURAM /
_cSetu
260 _aNew Delhi:
_bVani Prakashan,
_c2014.
942 _2ddc
_cBK
_h891.433
_iSET/P
_k891.433
_mSET/P
999 _c43532
_d43532